00399nam a2200157 a 45000010005000000030009000050080041000140400028000550820017000831000023001002450034001232600036001573000010001934900017002036500021002201624CO-ViMGA141112s2004 ck r 000 u spa d aCO-ViMGAbspacCO-ViMGA04aA863.44 B4151 aBianciotti, Hector10aSin la misericordia de cristo aBarcelona : bTus Quest, c1985 a271 p aAndanzas, 5814aNOVELA ARGENTINA